<?xml version="1.0" encoding="UTF-8"?>
<record
    xmlns:xsi="http://www.w3.org/2001/XMLSchema-instance"
    xsi:schemaLocation="http://www.loc.gov/MARC21/slim http://www.loc.gov/standards/marcxml/schema/MARC21slim.xsd"
    xmlns="http://www.loc.gov/MARC21/slim">

  <leader>00330nam a2200145Ia 4500</leader>
  <controlfield tag="008">191201s2007    xx            000 0 und d</controlfield>
  <datafield tag="082" ind1=" " ind2=" ">
    <subfield code="a">658.5</subfield>
    <subfield code="b">PRO</subfield>
  </datafield>
  <datafield tag="100" ind1=" " ind2=" ">
    <subfield code="a">PRASAD, L M</subfield>
  </datafield>
  <datafield tag="245" ind1=" " ind2="0">
    <subfield code="a">Organisational Behaviour</subfield>
  </datafield>
  <datafield tag="250" ind1=" " ind2=" ">
    <subfield code="a">4th</subfield>
  </datafield>
  <datafield tag="260" ind1=" " ind2=" ">
    <subfield code="a">N.Delhi</subfield>
    <subfield code="b">Sultan Chand</subfield>
    <subfield code="c">2007</subfield>
  </datafield>
  <datafield tag="300" ind1=" " ind2=" ">
    <subfield code="a">709</subfield>
  </datafield>
  <datafield tag="650" ind1=" " ind2=" ">
    <subfield code="a">MBA</subfield>
  </datafield>
  <datafield tag="942" ind1=" " ind2=" ">
    <subfield code="2">ddc</subfield>
    <subfield code="c">BK</subfield>
  </datafield>
  <datafield tag="999" ind1=" " ind2=" ">
    <subfield code="c">3279</subfield>
    <subfield code="d">3279</subfield>
  </datafield>
  <datafield tag="952" ind1=" " ind2=" ">
    <subfield code="0">0</subfield>
    <subfield code="1">0</subfield>
    <subfield code="2">ddc</subfield>
    <subfield code="4">0</subfield>
    <subfield code="7">0</subfield>
    <subfield code="8">MBA</subfield>
    <subfield code="a">PIET</subfield>
    <subfield code="b">PIET</subfield>
    <subfield code="d">2007-08-26</subfield>
    <subfield code="e">UDH, Delhi</subfield>
    <subfield code="g">300.00</subfield>
    <subfield code="k">998</subfield>
    <subfield code="l">1</subfield>
    <subfield code="o">658.3 PRO</subfield>
    <subfield code="p">8250</subfield>
    <subfield code="r">2023-06-20 00:00:00</subfield>
    <subfield code="s">2023-06-15</subfield>
    <subfield code="w">2007-09-13</subfield>
    <subfield code="y">BK</subfield>
  </datafield>
  <datafield tag="952" ind1=" " ind2=" ">
    <subfield code="0">0</subfield>
    <subfield code="1">0</subfield>
    <subfield code="2">ddc</subfield>
    <subfield code="4">0</subfield>
    <subfield code="7">0</subfield>
    <subfield code="8">MBA</subfield>
    <subfield code="a">PIET</subfield>
    <subfield code="b">PIET</subfield>
    <subfield code="d">2007-08-26</subfield>
    <subfield code="e">UDH, Delhi</subfield>
    <subfield code="g">300.00</subfield>
    <subfield code="k">998</subfield>
    <subfield code="l">4</subfield>
    <subfield code="o">658.3 PRO</subfield>
    <subfield code="p">8251</subfield>
    <subfield code="r">2025-06-19 00:00:00</subfield>
    <subfield code="s">2025-06-16</subfield>
    <subfield code="w">2007-09-13</subfield>
    <subfield code="y">BK</subfield>
  </datafield>
  <datafield tag="952" ind1=" " ind2=" ">
    <subfield code="0">0</subfield>
    <subfield code="1">0</subfield>
    <subfield code="2">ddc</subfield>
    <subfield code="4">0</subfield>
    <subfield code="7">0</subfield>
    <subfield code="8">MBA</subfield>
    <subfield code="a">PIET</subfield>
    <subfield code="b">PIET</subfield>
    <subfield code="d">2007-08-26</subfield>
    <subfield code="e">UDH, Delhi</subfield>
    <subfield code="g">300.00</subfield>
    <subfield code="k">998</subfield>
    <subfield code="l">4</subfield>
    <subfield code="o">658.3 PRO</subfield>
    <subfield code="p">8252</subfield>
    <subfield code="r">2022-09-08 00:00:00</subfield>
    <subfield code="s">2022-06-16</subfield>
    <subfield code="w">2007-09-13</subfield>
    <subfield code="y">BK</subfield>
  </datafield>
  <datafield tag="952" ind1=" " ind2=" ">
    <subfield code="0">0</subfield>
    <subfield code="1">0</subfield>
    <subfield code="2">ddc</subfield>
    <subfield code="4">0</subfield>
    <subfield code="7">0</subfield>
    <subfield code="8">MBA</subfield>
    <subfield code="a">PIET</subfield>
    <subfield code="b">PIET</subfield>
    <subfield code="d">2007-08-26</subfield>
    <subfield code="e">UDH, Delhi</subfield>
    <subfield code="g">300.00</subfield>
    <subfield code="k">998</subfield>
    <subfield code="l">6</subfield>
    <subfield code="o">658.3 PRO</subfield>
    <subfield code="p">8253</subfield>
    <subfield code="r">2022-05-18 00:00:00</subfield>
    <subfield code="s">2022-05-03</subfield>
    <subfield code="w">2007-09-13</subfield>
    <subfield code="y">BK</subfield>
  </datafield>
  <datafield tag="952" ind1=" " ind2=" ">
    <subfield code="0">0</subfield>
    <subfield code="1">0</subfield>
    <subfield code="2">ddc</subfield>
    <subfield code="4">0</subfield>
    <subfield code="7">0</subfield>
    <subfield code="8">MBA</subfield>
    <subfield code="a">PIET</subfield>
    <subfield code="b">PIET</subfield>
    <subfield code="d">2007-08-26</subfield>
    <subfield code="e">UDH, Delhi</subfield>
    <subfield code="g">300.00</subfield>
    <subfield code="k">998</subfield>
    <subfield code="l">0</subfield>
    <subfield code="o">658.3 PRO</subfield>
    <subfield code="p">8254</subfield>
    <subfield code="r">2019-12-04 00:00:00</subfield>
    <subfield code="w">2007-09-13</subfield>
    <subfield code="y">BK</subfield>
  </datafield>
</record>
